000
00338nam a2200133Ia 4500
008
151021s9999 xx 000 0 und d
020
_a
440237025
050
_a
PS 3569 T33828J 2000
245
_a
_Journey Steel Daniel
260
_a
New York Dell 2000
300
_a
353p.
650
_a
_Journey
980
_a
^d20130208 11:29:51^oanne
999
_c
12849
_d
12849